000 01089cam a22002771 4500
001 e 50000002
003 DLC
005 20260227111234.0
008 790625s1949 dcua b 000 0 eng c
010 _ae 50000002
035 _a(OCoLC)5105426
040 _aU.S. Office of Education
_cMChB
_dDLC
042 _apremarc
050 0 0 _aL111
_b.A6 1949, no. 3
082 _a371.91
100 1 _aMackie, Romaine Prior,
_d1899-
245 1 0 _aSchool in the hospital,
_bby Romaine P. Mackie and Margaret Fitzgerald.
260 _aWashington
_bFederal Security Agency, Office of Education,
_c[1949]
300 _avi, 54 p.
_billus.
_c23 cm.
490 1 _aUnited States. Office of Education. Bulletin,
_v1949, no. 3
501 _aCopies 1 and 2 of L111.A6 with: Education in Bolivia / Raymond H. Nelson. Washington : U.S. Govt. Print. Off., 1949. Bound together subsequent to publication.
_5DLC
504 _aBibliography: p. 54.
650 0 _aHospital schools.
700 1 _aFitzgerald, Margaret,
_ejoint author.
830 0 _aBulletin (United States. Office of Education) ;
_v1949, no. 3.
999 _c22119
_d22119